000 00549cam a22001217a 4500
008 180718b1984 xxu||||| |||| 00| 0 eng d
082 _aA81x54 In2/81/9/PT13A&B/M/S
100 _aCensus of India 1981
245 _aKarnataka district census handbook, Mandya: village and town directory, village and townwise primary census abstract, supplement, scheduled castes and scheduled tribes
260 _aDelhi
_bThe Controller of Publications
_c1984
300 _a90+p.
440 _aCensus of India 1981. Series-9, Karnataka. Parts XIII-A & XIII-B, Supplement
999 _c482813
_d482813